Charles Dickens Novels - Sudden Death - Statistics

General Stats
  • This quiz has been taken 99 times
    18 since last reset
  • The average score is 12 of 16
Answers on the Grid
Answers color-coded by a green-red scale on the quiz's grid according to % correct below.
A Tale of Two Cities
Tinker Tailor Soldier Spy
Kim
Little Dorrit
The Old Curiosity Shop
Mansfield Park
David Copperfield
Down and Out in Paris and London
The Picture of Dorian Gray
Our Mutual Friend
The Mill on the Floss
A Study in Scarlet
Barnaby Rudge
Bleak House
The Pickwick Papers
The Mayor of Casterbridge
The Woman in White
Hard Times
Great Expectations
Cranford
Nicholas Nickelby
Tom Sawyer
Uncle Tom's Cabin
Oliver Twist
Vanity Fair
The Murder of Roger Akroyd
Middlemarch
Villette
Dombey and Son
The Expedition of Humphry Clinker
The Mystery of Edwin Drood
Gulliver's Travels
The Turn of the Screw
Tess of the D'Urbervilles
A Christmas Carol
Martin Chuzzlewit
 
Answer Stats
Answer % Correct
A Tale of Two Cities
100%
David Copperfield
100%
A Christmas Carol
94%
Great Expectations
94%
Nicholas Nickelby
88%
Oliver Twist
88%
Bleak House
76%
The Old Curiosity Shop
76%
The Pickwick Papers
76%
Hard Times
71%
Little Dorrit
71%
Martin Chuzzlewit
65%
Barnaby Rudge
59%
Our Mutual Friend
59%
Dombey and Son
53%
The Mystery of Edwin Drood
53%
No matching quizzes found
Score Distribution
Percent of People with Each Score
Percentile by Number Answered
Your Score History
You have not taken this quiz since the last reset